Darfur, JEM and the Khalil Ibrahim story / (Record no. 29024)
[ view plain ]
| 000 -LEADER | |
|---|---|
| campo de control de longitud fija | 02330cam a22003854a 4500 |
| 001 - NÚMERO DE CONTROL | |
| campo de control | 112819 |
| 005 - FECHA Y HORA DE LA ÚLTIMA TRANSACCIÓN | |
| campo de control | 20230410103940.0 |
| 008 - DATOS DE LONGITUD FIJA--INFORMACIÓN GENERAL | |
| campo de control de longitud fija | 101223s2011 nju b 001 0beng c |
| 035 ## - NÚMERO DE CONTROL DEL SISTEMA | |
| Número de control de sistema | 16589325 |
| 010 ## - NÚMERO DE CONTROL DE LA BIBLIOTECA DEL CONGRESO | |
| Número de control de LC | 2010054144 |
| 020 ## - NÚMERO INTERNACIONAL ESTÁNDAR DEL LIBRO | |
| Número Internacional Estándar del Libro | 156902345X (hardcover) |
| 020 ## - NÚMERO INTERNACIONAL ESTÁNDAR DEL LIBRO | |
| Número Internacional Estándar del Libro | 9781569023457 (hardcover) |
| 035 ## - NÚMERO DE CONTROL DEL SISTEMA | |
| Número de control de sistema | (OCoLC)ocn694509786 |
| 040 ## - FUENTE DE CATALOGACIÓN | |
| Centro catalogador/agencia de origen | IEN/DLC |
| Centro/agencia transcriptor | DLC |
| Centro/agencia modificador | YDX |
| -- | YDXCP |
| -- | BWX |
| -- | DLC |
| 042 ## - CÓDIGO DE AUTENTICACIÓN | |
| Código de autenticación | pcc |
| 043 ## - CÓDIGO DE ÁREA GEOGRÁFICA | |
| Código de área geográfica | f-sj--- |
| 050 14 - SIGNATURA TOPOGRÁFICA DE LA BIBLIOTECA DEL CONGRESO | |
| Número de clasificación | 546 DT 159.6 |
| Número de ítem | I14T 2011 |
| 082 00 - NÚMERO DE LA CLASIFICACIÓN DECIMAL DEWEY | |
| Número de clasificación | 962.7/043092 |
| 100 1# - ENTRADA PRINCIPAL--NOMBRE DE PERSONA | |
| Nombre de persona | Tom, Abdullahi Osman El- |
| 245 10 - MENCIÓN DEL TÍTULO | |
| Título | Darfur, JEM and the Khalil Ibrahim story / |
| Mención de responsabilidad, etc. | Abdullahi Osman El-Tom. |
| 246 3# - FORMA VARIANTE DEL TITULO | |
| Título propio/Titulo breve | Darfur, J.E.M. and the Khalil Ibrahim story |
| 260 ## - PUBLICACIÓN, DISTRIBUCIÓN, ETC. | |
| Lugar de publicación, distribución, etc. | Trenton, N.J. : |
| Nombre del editor, distribuidor, etc. | Red Sea Press, |
| Fecha de publicación, distribución, etc. | c2011. |
| 300 ## - DESCRIPCIÓN FÍSICA | |
| Extensión | xi, 353 p. ; |
| Dimensiones | 23 cm. |
| 500 ## - NOTA GENERAL | |
| Nota general | "With a complete copy of The black book: imbalance of power and wealth in Sudan"--Bk. jacket. |
| 504 ## - NOTA DE BIBLIOGRAFÍA, ETC. | |
| Nota de bibliografía, etc. | Includes bibliographical references and index. |
| 505 0# - NOTA DE CONTENIDO CON FORMATO | |
| Nota de contenido con formato | Who is Hinain? -- N'djamena city -- The best food on earth -- To the field -- Commander Cholloy : the hero of El Fashir city -- A taste of Darfur -- Hinain, the camel boy -- The humble goats -- The feeble cows -- In love with camels -- The Koranic school -- From Hinain to Khalil -- Life in the boarding school -- Discovering my age in El Fashir city -- The intermediate school -- The ABCs of politics and leadership -- Going to Egypt -- Joining the Muslim Brotherhood -- The University of Gezira (UoG) -- Getting married -- Saudi Arabia : from medicine to politics -- Karnoi conference in Darfur -- Dawoud Yahia Bolad movement in Darfur -- Bucking them off our backs -- Institutionalised injustice -- Revamping the health service in north Darfur -- Fighting a jihad war -- Fighting for the nation -- With the poor in the Blue Nile State -- The recalcitrant advisor -- From the Poverty Alleviation Project (PAP), to the Black Book of Sudan -- The birth of JEM -- Discharging the first bullet -- The battle for Omdurman, May 2008. |
| 600 10 - PUNTO DE ACCESO ADICIONAL DE MATERIA--NOMBRE DE PERSONA | |
| Nombre de persona | Ibrahim, Khalil, |
| Títulos y otros términos asociados al nombre | Dr. |
| 610 20 - PUNTO DE ACCESO ADICIONAL DE MATERIA--NOMBRE DE ENTIDAD CORPORATIVA | |
| Nombre de entidad corporativa o nombre de jurisdicción como elemento de entrada | Harakat al- Adl wa-al-Musawah al-Sudaniyah. |
| 651 #0 - PUNTO DE ACCESO ADICIONAL DE MATERIA--NOMBRE GEOGRÁFICO | |
| Nombre geográfico | Sudan |
| Subdivisión general | History |
| Subdivisión cronológica | Darfur Conflict, 2003- |
| 651 #4 - PUNTO DE ACCESO ADICIONAL DE MATERIA--NOMBRE GEOGRÁFICO | |
| Nombre geográfico | Sudán |
| Subdivisión general | Historia |
| Subdivisión cronológica | Conflicto de Darfur, 2003- |
| 740 02 - ENTRADA AGREGADA--TÍTULO RELACIONADO/ANALÍTICO NO CONTROLADO | |
| Título relacionado o analítico no controlado | Black book. |
| 925 0# - | |
| -- | acquire |
| -- | 2 shelf copies |
| -- | policy default |
| 942 ## - ELEMENTOS DE ENTRADA SECUNDARIOS (KOHA) | |
| Fuente del sistema de clasificación o colocación | Clasificación de Library of Congress |
| Tipo de ítem Koha | |
| 946 ## - PROCESAMIENTO DE INFORMACIÓN LOCAL (OCLC) | |
| a | YSL |
| Estatus retirado | Estado de pérdida | Fuente del sistema de clasificación o colocación | Estado de daño | No para préstamo | Colección | Biblioteca de origen | Biblioteca actual | Ubicación en estantería | Fecha de adquisición | Serial enumeration / chronology | Signatura topográfica completa | Código de barras | Visto por última vez | Copia número | Tipo de ítem Koha |
|---|---|---|---|---|---|---|---|---|---|---|---|---|---|---|---|
| Clasificación de Library of Congress | Recursos Regionales | Biblioteca Juan Bosch | Biblioteca Juan Bosch | Recursos Regionales (2do. Piso) | 10/04/2023 | 1 | 546 DT 159.6 I14T 2011 | 00000106559 | 23/10/2018 | 1 |
